| 000 | 00351nam a2200133Ia 4500 | ||
|---|---|---|---|
| 008 | 220204s9999 xx 000 0 und d | ||
| 082 |
_a579.6 _bADV.32 |
||
| 245 | 0 | _aAdvances in applied microbiology. V 32. | |
| 260 |
_aNew York _bAcademic _c1987 |
||
| 650 | _aApplied microbiology | ||
| 650 | _aMicrobial corrosion | ||
| 650 | _aSucrose | ||
| 942 | _cBK | ||
| 999 |
_c40132 _d40132 |
||